| 000 | 004710000a22001930004500 | ||
|---|---|---|---|
| 001 | 004877 | ||
| 003 | MACL | ||
| 005 | 20150812150043.0 | ||
| 008 | 150812b xxu||||| |||| 00| 0 eng d | ||
| 040 |
_aMACL _cMACL |
||
| 041 | _aEnglish | ||
| 082 | _a370/RAJ | ||
| 100 |
_aRajesh, _94998 |
||
| 245 |
_aNon Formal Education _bA Comparative Study _cRajesh |
||
| 260 |
_aDelhi _c1996 _bB.R. Publishing, |
||
| 350 | _a280 | ||
| 650 |
_aEducation _94999 |
||
| 942 |
_k310 _cBK _2ddc |
||
| 999 |
_c16760 _d16760 |
||